¿Qué es esa cosa llamada ciencia?. (Registro nro. 2381)

Detalles MARC
000 -LEADER
fixed length control field 01002nam a2200289 a 4500
008 - CAMPO DE CONTROL (LIBRO)
fixed length control field 170302e1984 ag ||||| |||| 001 0 spa d
020 ## - INTERNATIONAL STANDARD BOOK NUMBER
ISBN 8432304263
041 ## - CODIGO DE IDIOMA
Código de idioma del texto/pista de sonido o título separado spa
092 ## - SIGNATURA TOPOGRAFICA DEWEY LOCAL
número de clasificación 100
libristica 11
sección CHA
100 1# - ENTRADA PRINCIPAL--NOMBRE PERSONAL
Nombre personal Chalmers, Alan F.
9 (RLIN) 3163
245 ## - TITULO PROPIAMENTE DICHO
Título ¿Qué es esa cosa llamada ciencia?.
Subtítulo y Título paralelo Una valoración de la naturaleza y el estatuto de la ciencia y sus métodos /
Mención de responsabilidad y remanente de la transcripción de la portada Alan F. Chalmers
250 ## - MENCION DE EDICION
Mención de edición 3a ed.
260 ## - PIE DE IMPRENTA
Lugar de publicación, distribución, etc Madrid:
Nombre de la editorial, distribuidor, etc Siglo Veintiuno;
Fecha de publicación 1984.
300 ## - DESCRIPCION FISICA
Extension 246 p.
500 ## - NOTA GENERAL
Nota general Charlmers, A. F. (1984). ¿Qué es esa cosa llamada ciencia?. Una valoración de la naturaleza y el estatuto de la ciencia y sus métodos. (3a ed.). España : Siglo Veintiuno.
590 ## - NOTAS LOCALES (RLIN)
Nota local Donacion Dra. Dora Vera 2017
653 ## - TÉRMINO INDIZADO - PALABRAS CLAVES
Palabra clave Inductivismo
653 ## - TÉRMINO INDIZADO - PALABRAS CLAVES
Palabra clave Ciencia
653 ## - TÉRMINO INDIZADO - PALABRAS CLAVES
Palabra clave Observacion
653 ## - TÉRMINO INDIZADO - PALABRAS CLAVES
Palabra clave Falsacionismo
653 ## - TÉRMINO INDIZADO - PALABRAS CLAVES
Palabra clave Estructuras
653 ## - TÉRMINO INDIZADO - PALABRAS CLAVES
Palabra clave Racionalismo
653 ## - TÉRMINO INDIZADO - PALABRAS CLAVES
Palabra clave Objetivismo
653 ## - TÉRMINO INDIZADO - PALABRAS CLAVES
Palabra clave Anarquismo
653 ## - TÉRMINO INDIZADO - PALABRAS CLAVES
Palabra clave Realismo, Instrumentalismo, verdad
942 ## - ADDED ENTRY ELEMENTS (KOHA)
Source of classification or shelving scheme Dewey Decimal Classification
Item type Libros
Existencias
Estado de retiro Existencia Fuente de clasificación Estado general No para prestamo Colección Ubicación permanente ubicación actual Sala de ubicación Fecha de adquisición Fuente de adquisición Total Checkouts Número de clasificación Código de barras Date last seen Número de ejemplar Price effective from Koha tipo de elemento (item) Public note
    Dewey Decimal Classification     Non-fiction Biblioteca Medicina Biblioteca Medicina Circulación 02/03/2017 Donacion   100;11;CHA 3802 02/03/2017 Ej. 1 02/03/2017 Libros Donacion Dra. Dora Vera 2017

UNIVERSIDAD NACIONAL DEL COMAHUE
Biblioteca de la Facultad de Ciencias Médicas
Sede Toschi: Los Arrayanes y Av. Toschi, Cipolletti  - Rio Negro
Sede Los Tordos:  Yrigoyen al 2211, Cipolletti - Rio Negro 

Teléfono: 0299 - 4774707 int 25
Contacto: biblioteca@facimed.uncoma.edu.ar
© 2011 - 2026